Classifica Marcatori La Liga 2015-2016 - Statistics

Statistiche generali
  • Questo quiz è stato fatto 27 volte
  • Il punteggio medio è 8 su 15
Statistiche sulle risposte
Gol Nazione Squadra Calciatore % Corretto
21 Francia Atletico Madrid Antoine Griezmann
100%
35 Portogallo Real Madrid Cristiano Ronaldo
100%
19 Galles Real Madrid Gareth Bale
100%
24 Francia Real Madrid Karim Benzema
100%
26 Argentina Barcellona Lionel Messi
100%
40 Uruguay Barcellona Luis Suárez
100%
24 Brasile Barcellona Neymar
96%
14 Spagna Celta Vigo Iago Aspas
62%
18 Spagna Athletic Bilbao Aritz Aduriz
38%
16 Francia Siviglia Kévin Gameiro
23%
16 Marocco Granada Youssef El-Arabi
8%
13 Spagna Real Sociedad Imanol Agirretxe
4%
18 Spagna Real Betis Siviglia Rubén Castro
4%
17 Spagna Eibar Borja Bastón
0%
17 Argentina Deportivo La Coruña Lucas Pérez
0%
Nessun quiz corrispondente trovato
Distribuzione punteggi
Percentuale di utenti per punteggio
Percentile per numero di risposta
I tuoi punteggi nel tempo
Non hai fatto questo quiz